000 01141nam a2200325 a 4500
001 6499
003 UkOxU
005 20240519110719.0
008 130312r20021994nyua b 001 0 eng
020 _a9780060516406 (pbk.)
020 _a0060516402 (pbk.)
035 _a(BD-JhCC)6499
040 _aUkOxU
_cUkOxU
_dBD-JhCC
041 _aeng
082 _a658.421
_bBUI 2002
100 1 _aCollins, James C.
_q(James Charles),
_d1958-
245 1 0 _aBuilt to last :
_bsuccessful habits of visionary companies /
_cJames C. Collins, Jerry I. Porras.
250 _aPbk. ed.
260 _aNew York ;
_aLondon :
_bHarperBusiness,
_c2002.
300 _axxiv, 342 p. :
_bill. ;
_c21 cm.
500 _aHardcover ed. published: HarperBusiness, 1994.
504 _aIncludes bibliographical references (p. [305]-333) and index.
650 0 _aSuccess in business
_zUnited States.
650 0 _aIndustrial management
_zUnited States.
650 0 _aEntrepreneurship
_zUnited States.
700 1 _aPorras, Jerry I.
856 4 2 _3Publisher description
_uhttp://www.loc.gov/catdir/description/hc041/94020571.html
942 _2ddc
_cBK
999 _c6499
_d6499